Quizzes
Events
Quiz Creation
Community
Videos
Private Events
Remove Ads
Sign In
Join for FREE
Feedback
Dark Mode
Quiz Categories
Sports
Geography
Music
Movies
Television
Just For Fun
Miscellaneous
History
Literature
Language
Science
Gaming
Entertainment
Religion
Holiday
For Kids
Quiz Lab
Recent
Popular Today
Quiz Kudos Today
Editor Picks
Curator Picks
Quizzes by...
Day
Popularity
Type
Ratings
Length
Year
Community
Subscriptions
Recent Discussions
Orange Saloon
Badges
Playlists
Quests
Create
Leaderboards
Showdown
Live 5
Trivia Bingo
Activity
Puzzle Library
Sporcle Events
Private Events
Virtual Trivia
Globe League
Become a Host
Pub Owners
SporcleCon
Opinionation
Our Games
Videos
Blog
Mobile Apps
Partnerships
Remove Ads and Go Orange
Feedback
Movies
Disney
Marvel Cinematic Universe
Movie Resume
Movie Titles
Oscar
Actor
Actress
Director
Pixar
Role
Movie Quotes
Movie Characters
Box Office
Nominee
Best Picture
Star Wars
James Bond
Horror Movies
Movies
Disney
Marvel Cinematic Universe
Movie Resume
Movie Titles
Oscar
Actor
Actress
Director
Pixar
Role
Movie Quotes
Movie Characters
Box Office
Nominee
Best Picture
Star Wars
James Bond
Horror Movies
Random Quiz
Search Sporcle
×
Quiz Lab
Quiz Lab
Movies
College
Type in answers that appear in a list
Type in answers that appear in a list
Classic
Best Score? Go Orange.
100 Best Comedies Stats
Can you name the Best Comedies of All Time according to College Humor?
By
arbav8r
14m
100 Questions
552 Plays
552 Plays
552 Plays
Comments
Comments
Give Quiz Kudos
Give Quiz Kudos
-
- Ratings
hide this ad
Replay
Link that replays current quiz
Next Quiz
Link to next quiz in quiz playlist
You Got
0%
They Got
Avg Score
60%
Avg Friend Score
Upgrade to see
Score Distribution
Jump to the score distribution portion of the page
Score
0/100
Timer
14:00
0
Plays Today
Leads
% Correct
Bradley Cooper, Zack Galifinakis
Hangover
92.2%
Mike Myers, Elizabeth Hurley
Austin Powers: International Man of Mystery
86.6%
Will Ferrell, Christina Applegate
Anchorman
86.1%
Vince Vaughn, Owen Wilson
Wedding Crashers
84.4%
Jason Biggs, Alyson Hannigan
American Pie
83%
Bill Murray, Dan Aykroyd
Ghostbusters
82.8%
Steve Carell, Catherine Keener
The 40 Year Old Virgin
82.6%
Macaulay Culkin, Joe Pesci
Home Alone
81.3%
Mike Myers, Dana Carvey
Waynes World
80.6%
Jonah Hill, Michael Cera
Superbad
80.6%
Robert Hays, Leslie Nielsen
Airplane!
80.1%
Sacha Baron Cohen
Borat
79.5%
Adam Sandler, Julie Bowen
Happy Gilmore
79%
Jim Carrey, Jeff Daniels
Dumb and Dumber
77.7%
Leslie Nielsen, Priscilla Presley
The Naked Gun
77.5%
John Belushi, Dan Aykroyd
The Blues Brothers
76.4%
Ben Stiller, Robert Deniro
Meet the Parents
76.1%
Bill Murray, Andie MacDowell
Groundhog Day
76.1%
Seth Rogen, Katherine Heigl
Knocked Up
76.1%
Will Smith, Tommy Lee Jones
Men in Black
74.6%
Trey Parker, Matt Stone
South Park
74.6%
Johnny Knoxville, Bam Margera
Jackass
72.6%
Jim Carrey, Cameron Diaz
The Mask
71.9%
Ben Stiller, Cameron Diaz
There's Something About Mary
71.7%
Chevy Chase, Rodney Dangerfield
Caddyshack
71.6%
Will Ferrell, John C. Reilly
Step Brothers
71%
Jeff Bridges, John Goodman
The Big Lebowski
70.8%
Graham Chapman, John Cleese
Monty Python and the Holy Grail
70.1%
Simon Pegg, Nick Frost
Shaun of the Dead
69.6%
Jim Carrey, Courteney Cox
Ace Ventura Pet Detective
69.4%
Gene Wilder, Slim Pickens
Blazing Saddles
69.2%
John Belushi, Karen Allen
Animal House
68.8%
Luke Wilson, Vince Vaughn
Old School
68.7%
Jackie Chan, Chris Rock
Rush Hour
67.9%
Leads
% Correct
Adam Sandler, Kathy Bates
The Waterboy
67%
Adam Sandler, Darren McGavin
Billy Madison
66.8%
Matthew Broderick, Mia Sara
Ferris Bueller's Day Off
66.7%
Jason Segel, Kristen Bell
Forgetting Sarah Marshall
66.3%
Ben Stiller, Owen Wilson
Zoolander
66.1%
Vince Vaughn, Ben Stiller
Dodgeball
65.8%
Steve Martin, John Candy
Planes, Trains and Automobiles
65.2%
Jim Carrey, Maura Tierney
Liar Liar
64.7%
David Spade, Chris Farley
Tommy Boy
64.7%
Mike Myers, Dana Carvey
Wayne's World 2
64.5%
Jason Biggs, Alyson Hannigan
American Pie 2
64.3%
Eddie Murphy, Judge Reinhold
Beverly Hills Cop
64.3%
Keanu Reeves, Alex Winters
Bill and Ted's Excellent Adventure
63.9%
Ashton Kutcher, Seann William Scott
Dude Where's My Car
63.4%
Seth Rogen, James Franco
Pineapple Express
63.4%
Ron Livingston, Jennifer Aniston
Office Space
63%
Johnny Knoxville, Steve-
O
Jackass: Number 2
61.6%
Jonah Hill, Russell Brand
Get Him to the Greek
60.5%
Anna Faris, Marlon Wayans
Scary Movie
60.3%
Adam Sandler, Drew Barrymore
The Wedding Singer
60.1%
Jon Heder, Efren Ramirez
Napoleon Dynamite
60%
Graham Chapman, John Cleese
Monty Python's Life of Brian
59.6%
Gene Wilder, Madeline Kahn
Young Frankenstein
59.4%
Jim Carrey, Renee Zellweger
Me, Myself, and Irene
58.9%
Will Ferrell, Jon Heder
Blades of Glory
58.9%
Brian O'Halloran, Jeff Anderson
Clerks
58%
Paul Rudd, Jason Segel
I Love You, Man
58%
Will Ferrell, Mark Wahlberg
The Other Guys
57.6%
Mike Myers, Heather Graham
Austin Powers: The Spy Who Shagged Me
57.2%
John Cho, Kal Penn
Harold and Kumar Go to White Castle
57.1%
Simon Pegg, Nick Frost
Hot Fuzz
56.5%
Mel Brooks, John Candy
Spaceballs
56.2%
Adam Sandler, Joey Lauren Adams
Big Daddy
55.8%
Eddie Murphy, Arsenio Hall
Coming to America
55.4%
Leads
% Correct
Paul Rudd, Seann William Scott
Role Models
54.3%
Dan Castellaneta, Julie Kavner
The Simpsons Movie
53.8%
Ben Affleck, Matt Damon
Dogma
53.6%
Bill Murray, Dan Aykroyd
Ghostbusters II
52.9%
Adam Sandler, Winona Ryder
Mr. Deeds
52.5%
Will Ferrell, John C. Reilly
Talladega Nights
52.5%
Trey Parker, Matt Stone
Team America World Police
51.8%
Chevy Chase, Beverly D'Angelo
Christmas Vacation
51.4%
Ben Stiller, Robert Downey Jr.
Tropic Thunder
51.3%
Chris Farley, David Spade
Black Sheep
50.2%
Steve Martin, Bernadette Peters
The Jerk
49.6%
Kevin Smith, Kevin Mewes
Jay and Silent Bob Strike Back
48.7%
Ryan Reynolds, Tara Reid
Van Wilder
48.2%
Cary Elwes, Dave Chappelle
Robin Hood Men in Tights
42.9%
Leslie Nielsen, Priscilla Presley
The Naked Gun 2 1/2
42.8%
Breckin Meyer, Seann William Scott
Road Trip
42.4%
Seth Rogen, Elizabeth Banks
Zack and Miri Make a Porno
40.9%
Brian O'Halloran, Jeff Anderson
Clerks 2
40.2%
Greg Kinnear, Toni Collette
Little Miss Sunshine
38%
Dave Chappelle, Harland Williams
Half Baked
38%
John Cusack, Craig Robinson
Hot Tub Time Machine
38%
Michael Cera, Mary Elizabeth Winstead
Scott Pilgrim vs. the World
37%
Justin Long, Jonah Hill
Accepted
35.5%
Jay Chandrasekhar, Kevin Heffernan
Super Troopers
34.6%
Scott Mechlowicz, Michelle Trachtenberg
Eurotrip
34.1%
Jim Carrey, Ian McNeice
Ace Ventura: When Nature Calls
33.5%
Mel Brooks, Gregory Hines
History of the World Part I
31.7%
Aaron Johnson, Chloe Moretz
Kick-Ass
29.9%
Jason London, Wiley Wiggins
Dazed and Confused
28.8%
Ryan Reynolds, Anna Faris
Waiting
27.7%
Jay Chandrasekhar, Kevin Heffernan
Beerfest
26.4%
Robert Carradine, Anthony Edwards
Revenge of the Nerds
24.5%
Quiz Playlist
Details
Report
Send in Message
Add To Playlist
Classic:
Type in answers that appear in a list
Quiz Source
Last Updated: Feb 16, 2017
Quiz Scoreboard
CHALLENGE
Sign Up to Join the Scoreboard
Show All
Scores
Hide
Comments
May contain spoilers
Recently Published
Click the 1999 NBA Draft
by nibperrychub
Sports
2m
Alphabetical 'K' Countries by Flag Minefield
by ylime102
Geography
3m
Pick 6: Fruits
by JohnFran
Miscellaneous
15s
More to Explore
Quiz From the Vault
Featured Blog Post
15 Basketball Trivia Facts You Can Be March Mad About
hide this ad
You Might Also Like...
Tags
College Quiz
Humor Quiz
All Time
Comedy
lead
Today's Top Quizzes in Movies
Browse Movies
hide this ad
Today's Top Quizzes in College
Browse College
Top Contributed Quizzes in Movies
1
Pick 6: Harry Potter
2
Pick 6: Movie Franchises
3
Pick 6: Actors
4
Pick 6: Actresses
5
Pick 6: Disney Princesses
6
Match The President To The Fictional Crisis
7
Movies of the Seasons
8
Harry Potter Logic Puzzle
9
Seasonal Films
10
10 Quentin Tarantino Movies in Order
Explore More
Trending Topics
NBA
Anime
Harry Potter
Kpop
Crossword
Disney
Marvel
Song
Country
NFL
WWE
Soccer
The Office
Puzzle
Pokémon
hide this ad
More By:
arbav8r
Quiz
Plays
Rating
Category
Featured
Created
100 Best Movies of the Decade (2000's)
3,152
4.05
Movies
Jun 18, 2011
100 Best Authors
2,061
2.91
Literature
Jun 18, 2011
100 Best Comedies
552
3.20
Movies
Jul 6, 2011
Go to Creator's Profile
Score Distribution
Quiz Creator Spotlight
arbav8r
Follow
Send a Message
Quizzes Created
-
Created Quiz Play Count
-
More By This Creator
Popular Quizzes Today
1
Countries of Asia Without Outlines Minefield
2
Find the US States - No Outlines Minefield
3
Pick 6: Fruits
4
Alphabetical 'K' Countries by Flag Minefield
5
The Countries of the World
6
Find the US States
7
US States
8
Match the Book to the Film X
More Movies Quizzes
First Word Sports Movies
Published
Trending Quizzes
Pick 6: Mountains
Pick 6: Harry Potter
Pick 6: NFL Teams
Pick 6: Movie Franchises
Pick 6: Flags
Recently Updated
NWSL Teams
pecheneg
Women's Final Four Teams by Year
bhenderson79
Presidents Quartet II
eogle
Anything But Clue(do)
eogle
Anything But Oceanian Capitals
eogle
Anything But 7
eogle
Anything But Thing
eogle
Word Ladder: February 29
pecheneg
Song Title Questions
pecheneg
Women's NCAA Tournament #1 Seeds
pecheneg
Trending Topics
Kpop
Disney
Harry Potter
NBA
Anime
Marvel
Crossword
The Office
Puzzle
WWE
Country
Soccer
NFL
Song
Pokémon
Your Account Isn't Verified!
In order to create a playlist on Sporcle, you need to verify the email address you used during registration. Go to your
Sporcle Settings
to finish the process.
Report this User
Report this user for behavior that violates our
Community Guidelines
.
Details:
Send Report
Go to the Sporcle.com Mobile Site →
Comments